Southville International School and Colleges
Your cart is empty.
  • Cart
  • Lists
    Public lists Eva Luna New books Lux_list list_1
    Your lists Log in to create your own lists
  • Log in to your account
  • Your cookies
  • Search history
Southville International School and Colleges
  • Advanced search
  • Recent comments
  • Most popular
  • Libraries

Log in to your account

Log in with GOOGLE


If you do not have an external account, but do have a local account, you can still log in:

  1. Home
  2. MARC view: Guidance and career counselling /
Normal view MARC view ISBD view

Guidance and career counselling / (Record no. 356891)

[ view plain ]
MARC details
000 -LEADER
fixed length control field 00519nam a2200205Ia 4500
008 - FIXED-LENGTH DATA ELEMENTS--GENERAL INFORMATION
fixed length control field 180523s9999 xx 000 0 und d
020 ## - INTERNATIONAL STANDARD BOOK NUMBER
International Standard Book Number 81-7648-492
050 ## - LIBRARY OF CONGRESS CALL NUMBER
Classification number MAIN HD 5381
050 ## - LIBRARY OF CONGRESS CALL NUMBER
Item number .N39 2004
100 ## - MAIN ENTRY--PERSONAL NAME
Personal name Nayak. A. K.
245 #0 - TITLE STATEMENT
Title Guidance and career counselling /
245 #0 - TITLE STATEMENT
Statement of responsibility, etc A. K. Nayak, V. K. Rao.
260 ## - PUBLICATION, DISTRIBUTION, ETC. (IMPRINT)
Place of publication, distribution, etc New Delhi :
260 ## - PUBLICATION, DISTRIBUTION, ETC. (IMPRINT)
Name of publisher, distributor, etc A. P. H. Publishing,
260 ## - PUBLICATION, DISTRIBUTION, ETC. (IMPRINT)
Date of publication, distribution, etc 2004
300 ## - PHYSICAL DESCRIPTION
Extent 352 pages :
300 ## - PHYSICAL DESCRIPTION
Dimensions 22 cm.
500 ## - GENERAL NOTE
General note Includes index.
650 ## - SUBJECT ADDED ENTRY--TOPICAL TERM
Topical term or geographic name as entry element Vicational guidance.
Holdings
Withdrawn status Lost status Damaged status Home library Current library Shelving location Date acquired Cost, normal purchase price Total Checkouts Full call number Barcode Date last seen Price effective from Koha item type
      South Mansfield College South Mansfield College   03/07/2005 948.00   MAIN HD 5381 .N39 2004 SMC00821 05/23/2018 05/23/2018  

Guidance and career counselling /

APA

Nayak. A. K, .Guidance and career counselling. New Delhi: .

Chicago

Nayak. A. K, .Guidance and career counselling. New Delhi: .

Harvard

Nayak. A. K, .Guidance and career counselling. New Delhi: .

MLA

Nayak. A. K, .New Delhi: . .

  • Place hold
  • Print
  • Cite
  • Add to your cart (remove)
  • Save record
    BIBTEX Dublin Core MARCXML MARC (non-Unicode/MARC-8) MARC (Unicode/UTF-8) MARC (Unicode/UTF-8, Standard) MODS (XML) RIS
  • More searches
    Search for this title in:
    Other Libraries (WorldCat) Other Databases (Google Scholar) Online Stores (Bookfinder.com) Open Library (openlibrary.org)

Exporting to Dublin Core...

SOUTHVILLE LIBRARY

Southville International School and Colleges Library

1281 Tropical Ave. Cor. Luxembourg St., BF Homes International, Las Pinas City

Tel. No. 8256374 / 252358 Loc. 117/146

Powered by Koha